000 01449nam a22002657a 4500
999 _c22101
_d22101
003 AR-CdUCM
008 190425b ||||| |||| 00| 0 spa d
040 _aMUNICIPALIDAD PROVINCIAL DEL CUSCO
_cBIBLIOTECA MUNICIPAL DEL CUSCO
082 _aParlante/N°111/2012
110 _aCentro Guamán Poma de Ayala
_920511
245 _aParlante :
_bRevista del Cusco /
260 _aCusco :
_bCentro de Educación y Comunicación Guamán Poma de Ayala,
_c2012.
300 _a36 páginas. :
_bilustraciones ;
_c30 cm.
440 _aParlante revista del Cusco.
_nAño 27, N°111, junio 2012.
_947445
505 _aContenido: Encuesta sobre la situación de la mujer. -- Hay recursos para investigar entrevista a Gladys Concha vicerrectora de investigación de la Universidad de Cusco. Luis Nieto Miranda. -- Articulando planes de desarrollo en los tres niveles de gobierno. -- Lugares para disfrutar los espacios públicos en la ciudad del Cusco. Choco museo una experiencia deliciosa. -- Gestión de riesgos de desastre, empezando por los actores sociales de base. Carlos Alfaro Ochoa. ...
650 _aActualidad y política
_947410
650 _aCentro Histórico Cusco
_946767
650 _aEducación, cultura y deportes
_947422
650 _aMedio ambiente
_947423
700 _aNieto Degregori, Luis
_96534
700 _aAlfaro Ochoa, Carlos Miguel
_947446
710 _aCentro Guamán Poma de Ayala
_920511
942 _2ddc
_cPP
945 _avhl